000 00971nam a2200313 a 4500
001
003 OSt
005 20260114124842.0
008 181207s2020 pr 000 p spa d
020 _a9789945807165
040 _aDO-SdBNP
_bspa
_cBNPHU
082 _a248.32
_bV161p
_222
100 1 _a Valenzuela, Yael
_975680
245 1 0 _aPor favor Dios necesito una respuesta :
_bCómo orar para que Dios le responda /
_cPastor Yael Valenzuela
260 _aSanto Domingo :
_bSociedades Bíblica Unidas
_c2020
300 _a183 p. ;
_c23 cm.
490 1 _a
500 _a
504 _aBibliografía : p.181-182
590 _aInventariado, 2020/VM
650 4 _aOración
_93542
_v
_xMetodología.
650 0 _aCristianismo
_v
_xDevoluciones.
_9885
650 0 _aMeditaciones
_v
_95988
650 0 _aVida cristiana
_9668
650 4 _aOración
_xTécnicas.
_977141
650 4 _aSalvación
_xEnseñanza bíblica.
_91732
910 _aVMateo
942 _2ddc
_cLBS1
999 _c49061
_d49061